| 000 | 00354nam a22001337a 4500 | ||
|---|---|---|---|
| 020 | _a9788192637617 | ||
| 082 |
_222 _a413 |
||
| 100 | _aC.T Dorji, | ||
| 245 | _aThe light of dzongkha and english combination / | ||
| 260 |
_aNew Delhi, _bProminent Publishers, _cc2012. |
||
| 300 |
_axxx, 304 p. ; _bill. ; _c23 cm. |
||
| 942 |
_2ddc _cGEN |
||
| 999 |
_c3052 _d3052 |
||
| 999 |
_c3266 _d3266 |
||